00924cam a22002531 4500001001300000003000400013005001700017008004100034010001700075035001900092040002100111042001200132045000900144050001700153110007000170245006400240260002600304300004200330500004400372505014600416600004500562700004600607999001700653sa 66000285 DLC20260227112214.0801105m19571963ii ach 010 0beng  asa 66000285  a(OCoLC)6904490 aDLCcMnBemSdDLC apremarc aw8x700aDS481.M8bS52 aShri Munshi Seventieth Birthday Citizens' Celebrations Committee.10aMunshi, his art and work.cEditors: J. H. Dave [and others] aBombayc[1957?-1963?] a4 v.billus., facsim., ports.c19 cm. aAt head of title: Commemorative volume.0 av. 1. Early life; as a lawyer; Munshis in life & literature.--v. 2. Fifty years of politics.--v. 3. Man of letters.--v. 4. Constructive work.10aMunshi, Kanaiyalal Maneklal,d1887-1971.1 aDave, Jayantakr̥ṣṇa Harikr̥ṣṇa. c67173d67173